000 00459nam a2200145Ia 4500
008 230917s9999||||xx |||||||||||||| ||und||
040 _e170598
_aMAIN
041 _aEnglish
082 _a891.43301731 SR98I
100 _aसक्सेना, राजेन्द्र
245 0 _aइतवार का दिन
260 _aदिल्ली
_bसत्साहित्य प्रकाशन
_c1975
300 _a160 पृ. p.
942 _cHN
999 _c182244
_d182244